BIBLIOTECA

SENCICO

Guía completa de diseño de jardines (Registro nro. 2139)

Detalles MARC
000 -LEADER
fixed length control field 00520nam a2200205Ia 4500
005 - DATE AND TIME OF LATEST TRANSACTION
control field 20251020182533.0
008 - FIXED-LENGTH DATA ELEMENTS--GENERAL INFORMATION
fixed length control field 200515s9999 xx 000 0 und d
082 ## - DEWEY DECIMAL CLASSIFICATION NUMBER
Classification number 712.391/B84
100 ## - MAIN ENTRY--PERSONAL NAME
Personal name BROOKES, John
245 #0 - TITLE STATEMENT
Title Guía completa de diseño de jardines
260 ## - PUBLICATION, DISTRIBUTION, ETC.
Place of publication, distribution, etc. Londres
260 ## - PUBLICATION, DISTRIBUTION, ETC.
Date of publication, distribution, etc. 1999
500 ## - GENERAL NOTE
General note 1 ejemplar
520 ## - SUMMARY, ETC.
Summary, etc. Guía completa para proyectar, diseñar y realizar jardines
650 ## - SUBJECT ADDED ENTRY--TOPICAL TERM
Topical term or geographic name entry element DISEÑO DE JARDINES
650 ## - SUBJECT ADDED ENTRY--TOPICAL TERM
Topical term or geographic name entry element JARDINES
650 ## - SUBJECT ADDED ENTRY--TOPICAL TERM
Topical term or geographic name entry element LIB
650 ## - SUBJECT ADDED ENTRY--TOPICAL TERM
Topical term or geographic name entry element PLANTAS
942 ## - ADDED ENTRY ELEMENTS (KOHA)
Koha item type Libros
Existencias
Fecha de la última vez que lo usaron Pago total Signatura topográfica completa Código de barras Precio efectivo desde Tipo de documento Estado perdido Estado dañado No es para préstamo Retirado Ubicación permanente Ubicación actual Fecha de adquisición
15/05/2020   712.391/B84 Bib-Lima15052139 15/05/2020 Libros         Biblioteca Central Lima Biblioteca Central Lima 15/05/2020